| 000 | 00758nam a22002057a 4500 | ||
|---|---|---|---|
| 005 | 20220429143348.0 | ||
| 008 | 220429b ||||| |||| 00| 0 eng d | ||
| 020 | _a9781484258873 | ||
| 040 | _cAIMIT LIBRARY | ||
| 082 |
_21 _a621.367 _bANSS |
||
| 100 |
_aAnsari, Shamshad. _932992 |
||
| 245 |
_aBuilding computer vision applications using artificial neural networks : _bwith step-by-step examples in openCV and tensorflow with python / _cBy Shamshad Ansari. |
||
| 250 | _a1st ed. | ||
| 260 |
_aNew York : _bApress , _c2022. |
||
| 300 |
_axxii, 451p. ; _c25 cm. |
||
| 650 | _2Prerequisit es and software installation | ||
| 650 | _2Deep learning in object detection | ||
| 650 | _2Practical example: face recognition | ||
| 942 |
_2ddc _cBK _e1st _k621.367 ANSS |
||
| 999 |
_c222740 _d222740 |
||